Normal view
MARC view
- Niños
Entry Materia
001 - NÚMERO DE CONTROL DEL REGISTRO
- campo de control: 15181
003 - IDENTIFICADOR DE NUMERO DE CONTROL
- campo de control: UPN
005 - FECHA Y HORA DE LA ÚLTIMA TRANSACCIÓN
- campo de control: 20240307105232.0
008 - DATOS DE LONGITUD FIJA
- campo de control de longitud fija: 240307n||acnnnaabn | a|a |d
035 ## - NÚMERO DE CONTROL DEL SISTEMA
- Número de control del sistema: UPN10000015189
040 ## - FUENTE DE LA CATALOGACIÓN
- Lengua de catalogación: spa
- Agencia de transcripción: MX-MxUPN
- Centro catalogador de origen: MX-MxUPN
150 ## - ENCABEZAMIENTO - TEMÁTICO
- Término de materia o nombre geográfico como elemento inicial: Niños
- Subdivisión de materia general: Crecimiento
670 ## - FUENTE EN LA QUE SE LOCALIZARON DATOS
- Cita de la fuente: E
670 ## - FUENTE EN LA QUE SE LOCALIZARON DATOS
- Cita de la fuente: LEMB, 1998:
- Información localizada: página 744 (Niños--Crecimiento)
902 ## - CATALOGADOR
- Catalogador: CAA/220796
- Catalogador: MaríaRobles/070324
